| 000 | 01090nam a22002777a 4500 | ||
|---|---|---|---|
| 003 | BD-DhSAU | ||
| 005 | 20200121100728.0 | ||
| 008 | 161006b2018 bg ad||| |||| 00| 0 eng d | ||
| 040 | _aBD-DhSAU | ||
| 082 |
_222 _a630 _bP2811 |
||
| 100 |
_aPaul , Shiuli _4Registration No:12-04858 |
||
| 245 |
_aStudy on the performance of Weed Management Techniques affecting growth and yield of Mustard / _c Shiuli Paul _bMs Thesis |
||
| 260 |
_aDhaka : Sher- e- Bangla Agricultural University : _bDepartment of Agronomy , _c2018 |
||
| 300 |
_axiii, 94 p. : _bill. ; _c30 cm. |
||
| 500 | _aMS Thesis ,Department of Agronomy ,Sher-E-Bangla Agricultural University , Dhaka-1207 , | ||
| 504 | _aIncludes bibliographical references. | ||
| 590 | _aShofi | ||
| 650 | _aAgronomy | ||
| 650 | _aGrowth and yield | ||
| 650 | _aWeed Management Techniques | ||
| 650 | _aMustard | ||
| 700 |
_aHossain , H. M. M. Tariq _4Supervisor |
||
| 700 |
_a Amin , A.K.M. Ruhul _4Co-Supervisor |
||
| 856 |
_uhttp://archive.saulibrary.edu.bd:8080/xmlui/handle/123456789/2959 _yOnline Access |
||
| 942 |
_2ddc _cTHESIS |
||
| 999 |
_c14957 _d14956 |
||